000 00453nmm a2200145Ia 4500
008 251105s9999||||xx |||||||||||||||||und||
041 _aspa
100 _aCampillo Álvarez, José Enrique
245 0 _aRazones para correr :
_b Un poderoso remedio para la salud
264 _a[Madrid, España] :
_bEdiciones B,
_c2015
300 _a224 páginas
650 _aTravel & Sports
856 _uhttps://public.digitaliapublishing.com/a/54177
942 _cCF
999 _c105288
_d105288